1300 1130 1143 1077 1747 1076 1380 1454 1827 1427 1680 1003 1612 1037 1779 1185 1363 1391 1834 1885 1269 1467 1608 1877 1106 1128 1685 1136 1511 1414 1383 1368 1916 1253 1228 1329 1098 1147 1717 1141 1327 1609 1403 1309 1920 1203 1323 1049 1331 1989 1439 1057 1113 1243 1227 1653 1655 1567 1007 1972 1600 1230 1747 1161 1581 1638 1467 1557 1900 1410 1185 1682 1325 1898 1124 1259 1043 1647 1768 1870 1959 1368 1203 1006 1726 1229 1480 1751 1159 1136 1517 1008 1885 1351 1463 1001 1729 1848 1295 BCNSPRNW ULIB Ver.6.0+V

เปลี่ยนเป็นภาษาไทย

Change to English
 แสดงรายละเอียดบรรณานุกรม
  กลับหน้าหลัก

Brief Record : Get Marc (ISO 2709) : E-mail record : QR code < ปิดหน้าต่าง
LEADER : 00000nam 2200000uu 4500
001    13399126568
003     ULIB
008    181113s2561||||th 000 0 tha d
060  4 ^aW32^bอ187ค
100 0  ^aอนุชา กาศลังกา
245 10 ^aคู่มือการจัดการคดีทางการแพทย์ (สำหรับแพทย์จบใหม่)/^cอนุชา กาศลังกา,ผู้เขียน.
260    ^aนนทบุรี:^bกระทรวงสาธารณสุข,^c2561.
300    ^a113หน้า.^bภาพประกอบ;^c21ซม.
650  4 ^aกฎหมายทางการแพทย์.
710 1  ^aกระทรวงสาธารณสุข.
945    ^p0^l0^i004770
999    ^aประนอม เกษจรัล
รายการนี้ยังไม่มีแท็ก
คุณยังไม่ได้ล็อกอิน คุณสามารถมีกิจกรรมร่วมกับเว็บไซต์ได้ แต่ต้องล็อกอินก่อน ::
  ล็อกอิน

รายการสื่อสารสนเทศ

ลำดับที่ ประเภท เลขเรียก/บาร์โค้ด สถานที่ สถานะ
1. วิทยาศาสตร์การแพทย์ และสุขภาพ
วิทยาศาสตร์การแพทย์ และสุขภาพ
W32 อ187ค ฉ.1 
  Barcode: 004770
ห้องสมุดวิทยาเขตสวรรค์ประชารักษ์
►หนังสือทั่วไป
บนชั้น

รายการใกล้เคียง
    ผู้แต่ง [อนุชา กาศลังกา]

    หัวเรื่อง [กฎหมายทางการแพทย์.]

BibComment


ยังไม่เคยถูกคอมเมนท์

คอมเมนท์ทรัพยากรรายการนี้
  คอมเมนท์: คู่มือการจัดการค..


 Copyright 2026. Bcnsprnw @Library